Fondy Európskej únie ako zdroj financovania v Slovenskej republike

Predvstupová pomoc Slovenska do EÚ - predvstupové fondy (PHARE, ISPA, SAPARD). Po vstupe Slovenska do EÚ sa predvstupové fondy pretransformovali na štrukturálne fondy a Kohézny fond, ich zloženie a oblasti, ktoré podporujú. Skrátené programovacie obdobie 2004-2006, Programovacie obdobie rokov 2007-2...

Descrizione completa

Salvato in:
Dettagli Bibliografici
Autore principale: Stričík, Michal, 1969-
Natura: Capitolo di libro
Lingua:slovacco
Soggetti:
Tags: Aggiungi Tag
Nessun Tag, puoi essere il primo ad aggiungerne!!

MARC

LEADER 00000nla$a2200000$$$4500
001 0083194
005 20240611081713.8
041 0 |a slo 
044 |a SK 
245 1 0 |a Fondy Európskej únie ako zdroj financovania v Slovenskej republike  |c Michal Stričík 
520 |a Predvstupová pomoc Slovenska do EÚ - predvstupové fondy (PHARE, ISPA, SAPARD). Po vstupe Slovenska do EÚ sa predvstupové fondy pretransformovali na štrukturálne fondy a Kohézny fond, ich zloženie a oblasti, ktoré podporujú. Skrátené programovacie obdobie 2004-2006, Programovacie obdobie rokov 2007-2013 a čerpanie prostriedkov z fondov. Strategické priority, horizontálne priority. 
610 2 0 |a Európska únia 
610 2 0 |a fondy štruktúrne 
610 2 0 |a fond kohézny 
610 2 0 |a projekty 
610 2 0 |a Slovensko 
610 2 0 |a financovanie 
610 2 0 |a zdroje finančné 
100 1 |a Stričík, Michal, 1969-